Land market slowdown (Record no. 118134)
[ view plain ]
| 000 -LEADER | |
|---|---|
| fixed length control field | 01147cam a2200217 4500 |
| 001 - CONTROL NUMBER | |
| control field | WB@3612-818 |
| 008 - FIXED-LENGTH DATA ELEMENTS--GENERAL INFORMATION | |
| fixed length control field | 041007n2004 000 0 eng u |
| 035 ## - SYSTEM CONTROL NUMBER | |
| System control number | (Sirsi) u127651 |
| 245 ## - TITLE STATEMENT | |
| Title | Land market slowdown |
| 260 ## - PUBLICATION, DISTRIBUTION, ETC. | |
| Date of publication, distribution, etc. | 2004 |
| 490 ## - SERIES STATEMENT | |
| Series statement | Farmers' Weekly |
| Volume/sequential designation | (141) 14, 1-7 October 2004, 86(1) |
| 520 ## - SUMMARY, ETC. | |
| Summary, etc. | The latest research bulletin from FPDSavills reveals that market activity in the first eight months of 2004 was down 22% across Great Britain. The total acreage publicly marketed was 86 500 acres compared with 110 500 acres a year earlier in 2003. The overall supply of land to the market is now only 40% of what it was during the three years before foot-and-mouth struck in 2001. In England, the downturn in supply, by 9% to 65 8000 acres, was not as bad as in Scotland or Wales. For more details on figures go to: http://www.fpdsavills.co.uk/default.aspx. http://www.fpdsavills.co.uk/research.asp?category= Rural&dateFrom=&dateTo |
| 590 ## - LOCAL NOTE (RLIN) | |
| Local note | WB |
| 590 ## - LOCAL NOTE (RLIN) | |
| Local note | WB |
| 650 ## - SUBJECT ADDED ENTRY--TOPICAL TERM | |
| Topical term or geographic name entry element | RURAL AREAS |
| 650 ## - SUBJECT ADDED ENTRY--TOPICAL TERM | |
| Topical term or geographic name entry element | FARMLAND PRICES |
| 650 ## - SUBJECT ADDED ENTRY--TOPICAL TERM | |
| Topical term or geographic name entry element | FARMLAND SALES |
| 650 ## - SUBJECT ADDED ENTRY--TOPICAL TERM | |
| Topical term or geographic name entry element | FARMLAND MARKET |
| 690 ## - LOCAL SUBJECT ADDED ENTRY--TOPICAL TERM (OCLC, RLIN) | |
| Topical term or geographic name as entry element | RURAL-MARKET |
| 942 ## - ADDED ENTRY ELEMENTS (KOHA) | |
| Suppress in OPAC | 0 |
| Withdrawn status | Lost status | Source of classification or shelving scheme | Damaged status | Not for loan | Home library | Current library | Shelving location | Date acquired | Total Checkouts | Full call number | Barcode | Date last seen | Copy number | Price effective from | Koha item type |
|---|---|---|---|---|---|---|---|---|---|---|---|---|---|---|---|
| Dewey Decimal Classification | London | London | News article | 07/10/2004 | WB4038-17 | 127651-1001 | 06/08/2019 | 1 | 06/08/2019 | News article |